banner koha

Potential evaporation: comparison between the penman and thornthwaite methods for the centre-west of Brazil [Evaporacao; Clima; Regiao Centro-Oeste] (Registro n. 109108)

MARC details
000 -LÍDER
campo de controle de tamanho fixo 00956nas a2200253 4500
001 - NÚMERO DE CONTROLE
campo de controle BR8201581
003 - IDENTIFICADOR DO NÚMERO DE CONTROLE
campo de controle BR-BrBNA
005 - DATA E HORÁRIO DA ÚLTIMA TRANSAÇÃO
campo de controle 20231205085102.0
007 - CAMPO FIXO DE DESCRIÇÃO FÍSICA--INFORMAÇÃO GERAL
campo de controle de tamanho fixo ta
008 - CAMPO DE DADOS FIXOS--INFORMAÇÃO GERAL
campo de controle de tamanho fixo 230509b bl.|||p| |||| 00| 00por d
040 ## - FONTE DA CATALOGAÇÃO
Instituição da catalogação original BR-BrBNA
Idioma da catalogação por
Instituição que transcreveu o registro Biblioteca Nacional de Agricultura
041 ## - CÓDIGO DE IDIOMA
Código do idioma do texto/trilha sonora ou título diferente (En)
072 ## - CÓDIGO DE CATEGORIA DE ASSUNTO
Código de Categoria de Assunto F10
100 1# - ENTRADA PRINCIPAL--NOME PESSOAL
Nome pessoal Johnson, C.E.
245 1# - TÍTULO
Título Potential evaporation: comparison between the penman and thornthwaite methods for the centre-west of Brazil [Evaporacao; Clima; Regiao Centro-Oeste]
246 1# - FORMA VARIANTE DO TÍTULO
Título/título abreviado Potential evaporation: comparison between the penman and thornthwaite methods for the centre-west of Brazil [Evaporation; Climate; Centre-west Region]
650 ## - ASSUNTO--TERMO TÓPICO
Cabeçalho tópico ou nome geográfico CLIMATOLOGIA
650 ## - ASSUNTO--TERMO TÓPICO
Cabeçalho tópico ou nome geográfico EVAPORACAO
650 ## - ASSUNTO--TERMO TÓPICO
Cabeçalho tópico ou nome geográfico CLIMA
650 ## - ASSUNTO--TERMO TÓPICO
Cabeçalho tópico ou nome geográfico REGIAO CENTRO-OESTE
773 0# - ENTRADA ANALÍTICA
Título Ciencia e Cultura (Brazil)
ISSN - International Standard Serial Number ISSN 0009-6725
Partes relacionadas (Jun 1982), v. 34(6) p. 786-791
Número de controle do registro BR8201581
909 ## -
-- 202311
-- Lúcia
-- 55
-- Lúcia Elande
942 ## - ELEMENTOS DE ENTRADA ADICIONADOS (KOHA)
Fonte da classificação ou esquema de arquivamento na estante Classificação AGRIS
Ocultar no OPAC Não
Tipo de material Koha Analítica
Exemplares
Situação do descarte Fonte da classificação ou esquema de arquivamento na estante Situação física Não pode ser emprestado Biblioteca de origem Biblioteca atual Localização na estante Enumeração do periódico / cronologia Total de empréstimos Data de último acesso Número do exemplar Tipo de material Koha Fonte de aquisição
  Classificação AGRIS   Consulta local Biblioteca Nacional de Agricultura - Binagri Biblioteca Nacional de Agricultura - Binagri   (Jun 1982), v. 34(6) p. 786-791   29/11/2023 01 Periódicos Portaria Interministerial nº 164/94

BINAGRI

Telefone: (61)3218-2567/2388/3357/2097 - binagri@agro.gov.br

Ministério da Agricultura e Pecuária , Esplanada dos Ministérios, Bloco D, Anexo B, Brasília/DF, CEP: 70.043-900